| 000 | 00753nam a2200241Ia 4500 | ||
|---|---|---|---|
| 005 | 20250117103444.0 | ||
| 008 | 008 250103s9999 xx 000 0 eng d | ||
| 020 | _a9781489986795 | ||
| 037 | _aTextual | ||
| 040 |
_aCSL _beng _cCSL |
||
| 041 |
_aeng _2eng |
||
| 084 |
_aI,11:6 Q2 _qCSL |
||
| 245 | 0 |
_aPlant cytogenetics: Genome structure and chromosome function _cBass, Hank W (Ed.); Birshler, James A (Ed.) |
|
| 260 |
_aNew York _b Springer _c2012 |
||
| 300 | _ax, 345p. ill. | ||
| 650 |
_a Cytogenetic mapping _9733151 |
||
| 650 |
_a Plant centromeres _9733152 |
||
| 650 | _aBotany | ||
| 700 |
_a Birshler, James A (Ed.) _9733153 |
||
| 700 | _aBass, Hank W (Ed.) | ||
| 942 |
_cTEXL _hI,11:6 Q2 |
||
| 999 |
_c1237439 _d1237439 |
||